Statistics for Nba Tiles Quiz

Click here to take the quiz!

General Stats

  • This quiz has been taken 48 times
  • The average score is 33 of 36

Answer Stats

QuestionTileSelect% Correct
Every team Lebron James played for.No
100%
Every team Lebron James played for.No
100%
Every team Lebron James played for.No
100%
Every team Lebron James played for.No
100%
Every team Lebron James played for.No
98%
Every team Lebron James played for.No
98%
Every team Lebron James played for.Yes
98%
Every team Lebron James played for.Yes
98%
Every team Lebron James played for.Yes
96%
Every team Larry Bird played for.No
93%
Every team that Shaquillie O'neal has played for.No
93%
Every team that Shaquillie O'neal has played for.Yes
93%
Every team that Shaquillie O'neal has played for.No
93%
Every team Larry Bird played for.No
93%
Every team that Shaquillie O'neal has played for.No
93%
Every team Larry Bird played for.No
93%
Every team Larry Bird played for.No
93%
Every team Larry Bird played for.Yes
91%
Every team Larry Bird played for.No
91%
Every team Larry Bird played for.No
91%
Every team Larry Bird played for.No
91%
Every team that Shaquillie O'neal has played for.Yes
91%
Every team Larry Bird played for.No
91%
Every team that Kobe Bryant DIDN'T play for.No
89%
Every team that Kobe Bryant DIDN'T play for.Yes
89%
Every team that Kobe Bryant DIDN'T play for.Yes
87%
Every team that Kobe Bryant DIDN'T play for.Yes
87%
Every team that Kobe Bryant DIDN'T play for.Yes
87%
Every team that Kobe Bryant DIDN'T play for.Yes
87%
Every team that Kobe Bryant DIDN'T play for.Yes
87%
Every team that Kobe Bryant DIDN'T play for.Yes
87%
Every team that Shaquillie O'neal has played for.Yes
85%
Every team that Kobe Bryant DIDN'T play for.Yes
85%
Every team that Shaquillie O'neal has played for.Yes
83%
Every team that Shaquillie O'neal has played for.Yes
76%
Every team that Shaquillie O'neal has played for.Yes
65%

Score Distribution

Percentile by Number Answered

Percent of People with Each Score

Your Score History

You have not taken this quiz